| 000 | 02330nam a22004817a 4500 | ||
|---|---|---|---|
| 001 | 0065982 | ||
| 003 | KOHA_MİRAKIL | ||
| 005 | 20260207004623.0 | ||
| 007 | ta | ||
| 008 | 210304b2011 tu |||gr||||#0|||1|tur | | ||
| 040 |
_aTR-BiSEU _btur _cTR-BiSEU _erda |
||
| 041 | 0 | _atur | |
| 044 | _ctu | ||
| 050 |
_aPL248.L35 _bS47 2011 |
||
| 100 | 0 | _aLâmiî Çelebi. | |
| 240 | 1 | 0 |
_aŞerefül-insân : the debate on creation between man and animals before the sultan _lTürkçe |
| 245 | 1 |
_aŞerefü'l-insân : _binsan ve hayvanların yaratılış konusunda sultan huzurunda tartışmaları = _bŞerefül-insân : _bthe debate on creation between man and animals before the sultan/ _cLâmiî Çelebi ; Lâmiî Çelebi ; Edited by Cemal Kafadar, Gönül Alpay Tekin; Hazırlayan Sadettin Eğri. |
|
| 264 | 1 |
_a[Cambridge] : _bHarvard Üniversitesi Yakındoğu Dilleri ve Medeniyetleri Bölümü _c2011 |
|
| 300 |
_a2 cilt: tıpkıbasım ; _c28 cm. |
||
| 336 |
_ametin _btxt _2rdacontent |
||
| 337 |
_aaracısız _bn _2rdamedia |
||
| 338 |
_acilt _bnc _2rdacarrier |
||
| 490 | 1 |
_aDoğu dilleri ve edebiyatlarının kaynakları ; _v101-102. |
|
| 490 | 1 |
_aTürkçe kaynakları ; _v91-92 = _a Sources of Oriental languages and literatures ; _v101-102. |
|
| 490 | 1 |
_aTurkish sources ; _v91-92 |
|
| 500 | _av. 1. Giriş, inceleme, tıpkıbasım = Introduction, analysis, facsimile | ||
| 500 | _av. 2. Tenkitli metin = Transcription. | ||
| 500 | _aKaynakça ve dizin var. | ||
| 650 | 0 |
_aTürk şiiri--16.yüzyıl. _9124261 |
|
| 650 | 0 |
_aEl yazmaları. _932292 |
|
| 650 | 0 |
_aİnsan-hayvan ilişkileri--İslam ülkeleri--1800'lere kadar erken eserler. _9124262 |
|
| 650 | 0 |
_aİslam ahlakı--1800'e kadar erken eserler. _9124263 |
|
| 650 | 0 |
_aŞerefü'l-insan. _9124264 |
|
| 650 | 0 |
_aİslam felsefesi. _915838 |
|
| 650 | 0 |
_aIslamic ethics--Early works to 1800. _935770 |
|
| 650 | 0 |
_aAnimals--Religious aspects--Islam--Early works to 1800. _9124265 |
|
| 650 | 0 |
_aHuman-animal relationships--Islamic countries--Early works to 1800. _9124266 |
|
| 830 | 1 |
_aDoğu dilleri ve edebiyatlarının kaynakları ; _v101-102. _985097 |
|
| 830 | 1 |
_aTürkçe kaynakları ; _v91-92 = _a Sources of Oriental languages and literatures ; _v101-102. _9124267 |
|
| 830 | 1 |
_aTurkish sources ; _v91-92 _959454 |
|
| 907 | _aEdebiyat | ||
| 942 |
_2lcc _cBK |
||
| 999 |
_c66365 _d66365 |
||